LEADER 02984oam 2200589I 450 001 9910460391403321 005 20200520144314.0 010 $a1-315-70540-0 010 $a1-317-47374-4 024 7 $a10.4324/9781315705408 035 $a(CKB)3710000000401863 035 $a(EBL)2010600 035 $a(SSID)ssj0001461924 035 $a(PQKBManifestationID)12556098 035 $a(PQKBTitleCode)TC0001461924 035 $a(PQKBWorkID)11478546 035 $a(PQKB)10164206 035 $a(MiAaPQ)EBC2010600 035 $a(Au-PeEL)EBL2010600 035 $a(CaPaEBR)ebr11042486 035 $a(CaONFJC)MIL767931 035 $a(OCoLC)923712441 035 $a(OCoLC)909897973 035 $a(EXLCZ)993710000000401863 100 $a20180706e20152004 uy 0 101 0 $aeng 135 $aur|n|---||||| 181 $ctxt 182 $cc 183 $acr 200 10$aCount Sergei Witte and the twilight of Imperial Russia $ea biography /$fSidney Harcave 210 1$aAbingdon, Oxon :$cRoutledge,$d2015. 215 $a1 online resource (334 p.) 300 $aFirst published 2004 by M.E. Sharpe. 311 $a0-7656-1422-7 320 $aIncludes bibliographical references and indexes. 327 $a1. The formative years, 1849-1865 -- 2. The Odessa years, 1865-1879 -- 3. St. Petersburg and Kiev, 1879-1891 -- 4. Monsieur Vite, 1889-1892 -- 5. Minister of finance, 1892-1894 -- 6. A new reign, an old course, 1894-1896 -- 7. The Witte system in operation, 1892-1899 -- 8. Questions of war and peace, 1896-1899 -- 9. Decline and fall, 1899-1903 -- 10. A mere spectator, 1903-1904 -- 11. Political Spring, July-December 1904 -- 12. In the wake of Bloody Sunday, January-June 1905 -- 13. Peach with honor? -- 14. Return home -- 15. Out of the frying pan, into the fire -- 16. Honeymoon? The first ten days -- 17. Keeping the promise of October 17 -- 18. Revolution and counterrevolution -- 19. "The loan that save Russia" -- 20. Implementing the October manifesto -- 21. The last lap -- 22. Exile? Assassination? May 1906-June 1907 -- 23. The Stolypin years, June 1907-September 1911 -- 24. Last years, 1911-1915. 330 $aSergei Witte served as finance minister and later prime minister of Russia during the reigns of Alexander III and Nicholas II, and was in large part responsible for the development policies which saw Russia transformed from a peasant economy into an industrial nation. This is the first biography of Witte in English. 606 $aStatesmen$zRussia$vBiography 607 $aRussia$xPolitics and government$y1894-1917 607 $aRussia$xEconomic policy$y1861-1917 608 $aElectronic books. 615 0$aStatesmen 676 $a947.08/3/092 676 $aB 700 $aHarcave$b Sidney$f1916-2008.,$0138831 801 0$bFlBoTFG 801 1$bFlBoTFG 906 $aBOOK 912 $a9910460391403321 996 $aCount Sergei Witte and the twilight of Imperial Russia$92219179 997 $aUNINA LEADER 02056nam0 22003371i 450 001 UON00286011 005 20231205103900.910 100 $a20070102d1953 |0itac50 ba 101 $aspa 102 $aVE 105 $a|||| 1|||| 200 1 $aˆEl‰abate Viscardo$ehistoria y mito de la intervención de los Jesuitas en la indipendencia de Hispanoamérica$fMiguel Batllori 205 $aCaracas : Instituto Panamericano de Geografía e Historia$b1953 210 $a334 p.$d[91] p. di tav. ; 24 cm 215 $aPubblicazione n. 10 de: Instituto Panamericano de Geografía e Historia, Comisión de Historia, Comité de Orígenes de la Emancipación. 316 $aIl volume è collocato nei cantinati della Sezione Giusso, attualmente non accessibili.$5IT-UONSI I RELIGB/0267 316 $aIl volume è collocato nei cantinati della Sezione Giusso, attualmente non accessibili.$5IT-UONSI I RELIGB/0267 606 $aAbate Viscardo$3UONC041609$2FI 606 $aGESUITI$xStoria$3UONC061249$2FI 606 $aVISCARDO Y GUZMAN JUAN PABLO$3UONC061248$2FI 620 $aVE$dCaracas$3UONL001532 676 $a946$cStoria della Spagna$v21 700 1$aBATLLORI$bMiguel$3UONV111401$0168708 712 $aInst. Panamericano de geografia e historia$3UONV266995$4650 801 $aIT$bSOL$c20251003$gRICA 912 $aUON00286011 950 $aSIBA - SISTEMA BIBLIOTECARIO DI ATENEO$dSI B 0267 $eSI MR 48865/1 5 0267 Il volume è collocato nei cantinati della Sezione Giusso, attualmente non accessibili. 950 $aSIBA - SISTEMA BIBLIOTECARIO DI ATENEO$dSI B 0267 $eSI MR 48865 5 0267 Il volume è collocato nei cantinati della Sezione Giusso, attualmente non accessibili. 950 $aSIBA - SISTEMA BIBLIOTECARIO DI ATENEO$dSI SPA III 0344 $eSI SP 892 5 0344 996 $aAbate Viscardo$9522042 997 $aUNIOR